000 00309nam a22001337a 4500
008 171025b xxu||||| |||| 00| 0 eng d
020 _a9780534399207
041 _aeng
080 _29 ED
_a311
100 _a55
101 _aSTA
245 _aTEST BANK ELEMENTARY STATISTICS
_cSAIDI.M
942 _2udc
_cBK
999 _c35866
_d35866